[Event "XLV Festival A"]
[Site "Imperia ITA"]
[Date "2003.09.03"]
[Round "5"]
[White "Karl, Hans"]
[Black "Voloshin, Leonid"]
[WhiteElo "2265"]
[BlackElo "2468"]
[Result "0-1"]
[PlyCount "98"]
[EventDate "2003.08.31"]

1. d4 Nf6 2. c4 e6 3. Nc3 Bb4 4. Nf3 b6 5. e3 Ne4 6. Qc2 Bb7 7. Be2 Bxc3+ 8.
bxc3 O-O 9. O-O f5 10. Ne1 Qh4 11. f3 Ng5 12. Bd3 Nc6 13. Qf2 Qxf2+ 14. Rxf2
Nf7 15. Ba3 Rfe8 16. c5 g6 17. Nc2 Rac8 18. Rb1 Kg7 19. Rd2 Red8 20. Kf2 d6 21.
cxd6 cxd6 22. Bb2 Na5 23. Nb4 Rc7 24. Re2 d5 25. e4 dxe4 26. fxe4 Nd6 27. d5
fxe4 28. c4+ Kg8 29. Bxe4 Naxc4 30. Bf3 Nxb2 31. Rbxb2 Nc4 32. Rb1 Bxd5 33. Rd1
Rcd7 34. Bxd5 exd5 35. Kg3 Kg7 36. Nc6 Rf8 37. Nd4 Rf6 38. Rde1 Nd6 39. Ne6+
Kg8 40. Ng5 h6 41. Nf3 Ne4+ 42. Kh3 Kg7 43. Rc2 h5 44. Nd4 Re7 45. Rce2 Ng5+
46. Kg3 Rxe2 47. Rxe2 Ne4+ 48. Kh3 g5 49. g3 Rf2 0-1

[Event "XLV Festival A"]
[Site "Imperia ITA"]
[Date "2003.09.03"]
[Round "5"]
[White "Lacrosse, Marc"]
[Black "Sarmir, Milos"]
[WhiteElo "2290"]
[BlackElo "2152"]
[Result "1/2-1/2"]
[PlyCount "73"]
[EventDate "2003.08.31"]

1. d4 Nf6 2. c4 e6 3. Nf3 d5 4. Bg5 Be7 5. Nc3 Nbd7 6. e3 h6 7. Bh4 O-O 8. cxd5
Nxd5 9. Bxe7 Nxe7 10. Bd3 b6 11. Rc1 a6 12. O-O Bb7 13. Qe2 c5 14. Rfd1 Bxf3
15. Qxf3 cxd4 16. exd4 Nf6 17. Qb7 b5 18. Ne4 Ned5 19. Nxf6+ Qxf6 20. Be4 Rab8
21. Qxa6 Nf4 22. Rc2 Rfd8 23. Qa7 Qh4 24. Bf3 Qf6 25. Be4 Qh4 26. Qa3 Nh3+ 27.
Qxh3 Qxe4 28. Rcd2 Rd5 29. Qe3 Qh4 30. g3 Qe7 31. Rc1 Rbd8 32. Rc5 Qd7 33. Rxd5
Qxd5 34. Qb3 Qe4 35. Qd3 Qd5 36. Qb3 Qe4 37. Qd3 1/2-1/2

[Event "XLV Festival A"]
[Site "Imperia ITA"]
[Date "2003.09.03"]
[Round "5"]
[White "Miladinovic, Igor"]
[Black "Jirovsky, Milos"]
[WhiteElo "2609"]
[BlackElo "2521"]
[Result "1-0"]
[PlyCount "70"]
[EventDate "2003.08.31"]

1. d4 d5 2. Bg5 c6 3. Nf3 h6 4. Bh4 Qb6 5. Qc1 Bf5 6. e3 e6 7. c4 Be7 8. Bxe7
Nxe7 9. Nc3 Nd7 10. Be2 O-O 11. O-O Rac8 12. b3 Kh8 13. Qa3 Ng8 14. Rfc1 Ngf6
15. b4 dxc4 16. Nd2 Bd3 17. Nxc4 Bxc4 18. Bxc4 e5 19. dxe5 Nxe5 20. Be2 c5 21.
bxc5 Qxc5 22. Qxc5 Rxc5 23. Nb5 Rxc1+ 24. Rxc1 Rd8 25. Nd4 Nc6 26. Nxc6 bxc6
27. Rxc6 Rd2 28. Rc8+ Kh7 29. Rc2 Rd7 30. f3 g5 31. e4 g4 32. Kf2 gxf3 33. gxf3
Kg6 34. Ke3 Kg5 35. Rc6 Ng8 1-0

[Event "XLV Festival A"]
[Site "Imperia ITA"]
[Date "2003.09.03"]
[Round "5"]
[White "Payen, Arnaud"]
[Black "Verrascina, Roberto"]
[WhiteElo "2363"]
[BlackElo "2226"]
[Result "1/2-1/2"]
[PlyCount "30"]
[EventDate "2003.08.31"]

1. d4 g6 2. e4 Bg7 3. Nc3 Nc6 4. d5 Nd4 5. Nge2 c5 6. dxc6 dxc6 7. Be3 e5 8.
Qd2 Be6 9. Rd1 Nxe2 10. Qxd8+ Rxd8 11. Bxe2 Rxd1+ 12. Kxd1 b6 13. g3 Kd8 14. a4
Kc7 15. Kc1 Nf6 1/2-1/2

[Event "XLV Festival A"]
[Site "Imperia ITA"]
[Date "2003.09.03"]
[Round "5"]
[White "Pedemonte, Claudio"]
[Black "Blazkova, Barbora"]
[WhiteElo "1974"]
[BlackElo "2027"]
[Result "1-0"]
[PlyCount "57"]
[EventDate "2003.08.31"]

1. c4 Nf6 2. Nc3 g6 3. g3 Bg7 4. Bg2 O-O 5. e4 Nc6 6. Nge2 d6 7. O-O e5 8. d3
Ne8 9. Be3 f5 10. f4 Bd7 11. Qd2 a6 12. d4 Rb8 13. b3 b5 14. cxb5 axb5 15. Rac1
exd4 16. Nxd4 Nxd4 17. Bxd4 Bxd4+ 18. Qxd4 c5 19. Qd5+ Kh8 20. e5 Qe7 21. Rfe1
dxe5 22. Rxe5 Qf7 23. Qxc5 Rc8 24. Qb4 Qf6 25. Rd1 Bc6 26. Bxc6 Rxc6 27. Rd8
Rxc3 28. Qxc3 Qb6+ 29. Qc5 1-0

[Event "XLV Festival A"]
[Site "Imperia ITA"]
[Date "2003.09.03"]
[Round "5"]
[White "Raineri, Valerio"]
[Black "Gross, Stefan"]
[WhiteElo "2164"]
[BlackElo "2328"]
[Result "1-0"]
[PlyCount "83"]
[EventDate "2003.08.31"]

1. e4 c5 2. Nf3 d6 3. d4 cxd4 4. Nxd4 Nf6 5. Nc3 Nc6 6. f3 e5 7. Nb3 Be6 8. Be3
a6 9. Qd2 Be7 10. O-O-O Na5 11. Nxa5 Qxa5 12. Kb1 Rc8 13. Nd5 Qxd2 14. Nxf6+
Bxf6 15. Rxd2 Rc6 16. c4 h6 17. h4 Ke7 18. b3 Rb8 19. Rc2 b5 20. cxb5 Rxc2 21.
Kxc2 axb5 22. Bd3 Kd7 23. g3 Bd8 24. Kb2 b4 25. Rc1 Bb6 26. Bxb6 Rxb6 27. Bc4
f5 28. a3 bxa3+ 29. Kxa3 Rb8 30. Bxe6+ Kxe6 31. b4 g5 32. hxg5 hxg5 33. g4 fxe4
34. fxe4 Rf8 35. b5 Rf3+ 36. Kb4 Re3 37. Rc4 Re1 38. b6 Kd7 39. Kb5 d5 40. exd5
e4 41. b7 Rb1+ 42. Rb4 1-0

[Event "XLV Festival A"]
[Site "Imperia ITA"]
[Date "2003.09.03"]
[Round "5"]
[White "Semeria, Marco"]
[Black "De Marco, Walter"]
[WhiteElo "2066"]
[BlackElo "2096"]
[Result "1-0"]
[PlyCount "75"]
[EventDate "2003.08.31"]

1. e4 g6 2. d4 Bg7 3. Be3 d6 4. f4 a6 5. Nf3 b5 6. c3 Bb7 7. Nbd2 Nd7 8. Bd3 c5
9. O-O Ngf6 10. h3 h5 11. Qe1 d5 12. e5 Ne4 13. Bxe4 dxe4 14. Ng5 cxd4 15. cxd4
e6 16. Ndxe4 Bxe4 17. Nxe4 O-O 18. Nd6 Nb6 19. Rc1 Nc8 20. Ne4 Ne7 21. Rf2 Nf5
22. Rfc2 Qd5 23. Nc3 Qd7 24. Qd2 Rfd8 25. Ne2 Qd5 26. b3 Bf8 27. Rc7 Qe4 28.
Kf2 Nh4 29. Rg1 Rac8 30. Nc3 Qa8 31. Rxc8 Rxc8 32. Qd3 Bb4 33. Ne4 Nf5 34. g4
hxg4 35. hxg4 Be7 36. gxf5 Bh4+ 37. Ke2 exf5 38. Nd6 1-0

[Event "XLV Festival A"]
[Site "Imperia ITA"]
[Date "2003.09.03"]
[Round "5"]
[White "Skapikova, Lubica"]
[Black "Krouzel, Jaroslav"]
[WhiteElo "2033"]
[BlackElo "2143"]
[Result "0-1"]
[PlyCount "42"]
[EventDate "2003.08.31"]

1. e4 e6 2. d4 d5 3. exd5 exd5 4. Nf3 Bd6 5. Bd3 Ne7 6. Bg5 O-O 7. O-O f6 8.
Be3 Nbc6 9. c3 Bg4 10. Nbd2 Qd7 11. h3 Bxh3 12. gxh3 Qxh3 13. Re1 f5 14. Nf1
Rf6 15. Ng5 Qh4 16. Ng3 Bxg3 17. fxg3 Qxg3+ 18. Kf1 f4 19. Nxh7 Rh6 20. Bg1 Rh1
21. Ke2 Rh2+ 0-1

[Event "XLV Festival A"]
[Site "Imperia ITA"]
[Date "2003.09.03"]
[Round "5"]
[White "Trumpf, Walter"]
[Black "Sautto, Alessandra"]
[WhiteElo "2098"]
[BlackElo "1968"]
[Result "0-1"]
[PlyCount "74"]
[EventDate "2003.08.31"]

1. d4 d5 2. e4 e6 3. Nc3 dxe4 4. f3 exf3 5. Nxf3 Nf6 6. Bd3 Be7 7. O-O c5 8.
dxc5 Bxc5+ 9. Kh1 Nbd7 10. Qe1 Qc7 11. Bg5 Be7 12. Rd1 a6 13. a4 b6 14. Nd4 Bb7
15. Bf4 Qc5 16. Be4 Bxe4 17. Nxe4 Nxe4 18. Qxe4 Qc8 19. c3 Nc5 20. Qf3 O-O 21.
Qg3 Kh8 22. Rde1 Qd7 23. Rd1 Qc8 24. Rfe1 Bf6 25. Bd6 Rd8 26. Rf1 Ne4 27. Qg4
Nxd6 28. Rxf6 gxf6 29. Qh4 Rg8 30. Qxf6+ Rg7 31. Rd3 Qd8 32. Qf3 Rc8 33. Nc6
Qc7 34. Ne5 Nf5 35. Nd7 Qc6 36. Qxc6 Rxc6 37. Nf6 Rd6 0-1

[Event "XLV Festival A"]
[Site "Imperia ITA"]
[Date "2003.09.03"]
[Round "5"]
[White "Verrascina, Nicola"]
[Black "Gallitto, Salvatore"]
[WhiteElo "2102"]
[BlackElo "2010"]
[Result "1-0"]
[PlyCount "35"]
[EventDate "2003.08.31"]

1. e4 d6 2. d4 Nf6 3. Nc3 c6 4. Bg5 Qb6 5. Qd2 Nbd7 6. f4 e5 7. O-O-O Qc7 8.
Nf3 b5 9. dxe5 dxe5 10. Nxe5 Be7 11. Nxd7 Bxd7 12. e5 b4 13. exf6 bxc3 14. Qe3
cxb2+ 15. Kb1 Be6 16. fxe7 Bxa2+ 17. Kxa2 Qa5+ 18. Qa3 1-0

[Event "XLV Festival A"]
[Site "Imperia ITA"]
[Date "2003.09.04"]
[Round "6"]
[White "Biolek, Richard sr"]
[Black "Di Paolo, Raffaele"]
[WhiteElo "2449"]
[BlackElo "2323"]
[Result "0-1"]
[PlyCount "86"]
[EventDate "2003.08.31"]

1. e4 c5 2. Nf3 e6 3. d4 cxd4 4. Nxd4 a6 5. Nc3 b5 6. Bd3 Qb6 7. Nce2 Bb7 8. c3
Nf6 9. Qc2 Nc6 10. Nxc6 Qxc6 11. Nd4 Qc7 12. Qe2 d5 13. e5 Ne4 14. O-O Be7 15.
f3 Nc5 16. Bc2 Rc8 17. Bf4 g6 18. Kh1 Bf8 19. Bg3 Bg7 20. f4 Ne4 21. Bxe4 dxe4
22. f5 gxf5 23. Rxf5 exf5 24. e6 Qc4 25. Qh5 O-O 26. e7 Rfe8 27. Nxf5 Rc5 28.
Nxg7 Rxh5 29. Nxe8 Rf5 30. Nf6+ Kg7 31. Rg1 Bc6 32. e8=Q Bxe8 33. Nxe8+ Kg6 34.
Nd6 Qxa2 35. Nxf5 Kxf5 36. b4 Qc2 37. Rf1+ Ke6 38. Be1 Qe2 39. Rg1 f5 40. g3 e3
41. h3 h5 42. g4 hxg4 43. hxg4 f4 0-1

[Event "XLV Festival A"]
[Site "Imperia ITA"]
[Date "2003.09.04"]
[Round "6"]
[White "Fedorchuk, Sergey A."]
[Black "Jurek, Josef"]
[WhiteElo "2557"]
[BlackElo "2342"]
[Result "1-0"]
[PlyCount "75"]
[EventDate "2003.08.31"]

1. e4 e6 2. d4 d5 3. Nd2 Nf6 4. e5 Nfd7 5. Bd3 c5 6. c3 Nc6 7. Ne2 cxd4 8. cxd4
f6 9. exf6 Nxf6 10. Nf3 Bd6 11. O-O O-O 12. Bg5 Bd7 13. Nc3 Be8 14. Qe2 Bf7 15.
Rfe1 Qb6 16. Qd2 Nd7 17. Bh4 Rae8 18. Ng5 Nf6 19. Nxf7 Rxf7 20. Bxf6 gxf6 21.
Nxd5 Qxd4 22. Nc3 Qf4 23. Qxf4 Bxf4 24. Bc4 Be5 25. f4 Bd4+ 26. Kf1 Rfe7 27. f5
Bxc3 28. bxc3 Ne5 29. Bxe6+ Kf8 30. Rad1 Rg7 31. Re4 Ke7 32. Ra4 a6 33. Rb4 Rb8
34. Rb6 Rg4 35. g3 Kf8 36. Bb3 Nc4 37. Rxf6+ Kg7 38. Re6 1-0

[Event "XLV Festival A"]
[Site "Imperia ITA"]
[Date "2003.09.04"]
[Round "6"]
[White "Feistenauer, Harald"]
[Black "Karl, Hans"]
[WhiteElo "2094"]
[BlackElo "2265"]
[Result "0-1"]
[PlyCount "80"]
[EventDate "2003.08.31"]

1. c4 Nf6 2. g3 g6 3. Bg2 Bg7 4. Nc3 O-O 5. d4 d6 6. Nf3 c6 7. O-O Nbd7 8. b3
Re8 9. Bb2 e5 10. dxe5 dxe5 11. e4 Qc7 12. Qc2 Nf8 13. h3 Bd7 14. Na4 Rad8 15.
c5 Nh5 16. Rad1 Be6 17. Ng5 Bc8 18. Bc1 Ne6 19. Nxe6 Bxe6 20. Nb2 Qa5 21. Nd3
Qc7 22. Nb2 Bf8 23. Kh2 Be7 24. Be3 Nf4 25. Nc4 Nxg2 26. Kxg2 f5 27. f4 fxe4
28. fxe5 Rd5 29. Nd6 Rf8 30. Rxf8+ Bxf8 31. Bf4 Qd7 32. h4 Bg7 33. Rxd5 Bxd5
34. Kh2 Qg4 35. Qc1 Qe2+ 36. Kg1 e3 37. Qf1 Qxa2 38. Bxe3 Bxe5 39. Nc4 Qxb3 40.
Nxe5 Qxe3+ 0-1

[Event "XLV Festival A"]
[Site "Imperia ITA"]
[Date "2003.09.04"]
[Round "6"]
[White "Gallitto, Salvatore"]
[Black "Barletta, Antonio"]
[WhiteElo "2010"]
[BlackElo "2053"]
[Result "0-1"]
[PlyCount "31"]
[EventDate "2003.08.31"]

1. d4 Nf6 2. Nf3 c5 3. e3 g6 4. b3 Bg7 5. Bb2 b6 6. c4 O-O 7. Nc3 cxd4 8. exd4
d5 9. Rc1 Bb7 10. Ne5 dxc4 11. bxc4 Nc6 12. Nxc6 Bxc6 13. d5 Bb7 14. Be2 e6 15.
O-O exd5 16. Bf3 0-1

[Event "XLV Festival A"]
[Site "Imperia ITA"]
[Date "2003.09.04"]
[Round "6"]
[White "Gross, Stefan"]
[Black "Faraci, Antonino"]
[WhiteElo "2328"]
[BlackElo "2088"]
[Result "1/2-1/2"]
[PlyCount "86"]
[EventDate "2003.08.31"]

1. Nf3 c5 2. e4 d6 3. d4 cxd4 4. Nxd4 Nf6 5. Nc3 g6 6. Bc4 Bg7 7. h3 O-O 8. Bb3
Nc6 9. Be3 Bd7 10. O-O Qc8 11. Kh2 Ne5 12. Nd5 Nxd5 13. exd5 Nc4 14. Qe2 Nxe3
15. Qxe3 Re8 16. Rad1 Qc5 17. a4 a6 18. Rfe1 b5 19. axb5 Bxb5 20. Qe4 Bxd4 21.
Rxd4 a5 22. Re3 Bd7 23. Qh4 e5 24. dxe6 Bxe6 25. Bxe6 Rxe6 26. Rxe6 fxe6 27.
Rc4 Qe5+ 28. f4 Qg7 29. Qe1 Qf6 30. Qd2 d5 31. Rd4 Rc8 32. c3 Rb8 33. Ra4 Rb5
34. Rd4 Rc5 35. Qe2 Kf7 36. Qa6 Qe7 37. Qa8 Kg7 38. Qb8 Qc7 39. Qe8 Qd6 40. g3
Rc4 41. Qb5 Rxd4 42. cxd4 Qc7 43. Qe2 Kf6 1/2-1/2

[Event "XLV Festival A"]
[Site "Imperia ITA"]
[Date "2003.09.04"]
[Round "6"]
[White "Isonzo, David"]
[Black "Raineri, Valerio"]
[WhiteElo "2347"]
[BlackElo "2164"]
[Result "1-0"]
[PlyCount "45"]
[EventDate "2003.08.31"]

1. e4 e5 2. Nf3 Nc6 3. Bb5 a6 4. Bxc6 dxc6 5. O-O Qd6 6. Na3 b5 7. c3 Bg4 8.
Nc2 c5 9. a4 c6 10. d4 cxd4 11. cxd4 Rd8 12. axb5 axb5 13. Ne3 Bxf3 14. Qxf3
exd4 15. Nf5 Qd7 16. Rd1 c5 17. e5 g6 18. Nd6+ Bxd6 19. exd6 f6 20. Re1+ Kf8
21. Bh6+ Nxh6 22. Qxf6+ Nf7 23. Re7 1-0

[Event "XLV Festival A"]
[Site "Imperia ITA"]
[Date "2003.09.04"]
[Round "6"]
[White "Jasny, Stanislav"]
[Black "Massa, Giovanni"]
[WhiteElo "2319"]
[BlackElo "2136"]
[Result "1-0"]
[PlyCount "73"]
[EventDate "2003.08.31"]

1. e4 c5 2. Nf3 Nc6 3. d4 cxd4 4. Nxd4 Nf6 5. Nc3 d6 6. Be3 e6 7. Be2 a6 8. O-O
Be7 9. f4 Qc7 10. a4 O-O 11. Kh1 Re8 12. Bg1 Bd7 13. Nb3 b6 14. Bf3 Rab8 15.
Qe2 Bc8 16. Qc4 Bb7 17. Nd5 exd5 18. exd5 b5 19. axb5 axb5 20. Qc3 Nxd5 21.
Bxd5 Bf6 22. Bd4 b4 23. Qc4 Bxd4 24. Nxd4 Rbc8 25. Rfe1 Qd7 26. Rxe8+ Qxe8 27.
Bxc6 Bxc6 28. Qxb4 Bxg2+ 29. Kxg2 Qe4+ 30. Kg3 g5 31. Qxd6 Qe3+ 32. Kg4 gxf4
33. Ra3 h5+ 34. Kxh5 Qd2 35. Kg4 f5+ 36. Nxf5 Qe2+ 37. Kxf4 1-0

[Event "XLV Festival A"]
[Site "Imperia ITA"]
[Date "2003.09.04"]
[Round "6"]
[White "Jirovsky, Milos"]
[Black "Cugini, Verter"]
[WhiteElo "2521"]
[BlackElo "2214"]
[Result "1-0"]
[PlyCount "61"]
[EventDate "2003.08.31"]

1. d4 d6 2. g3 e5 3. Bg2 c6 4. c4 Qc7 5. Nc3 Nf6 6. e3 Bg4 7. Qd3 Nbd7 8. h3
Bh5 9. f4 g5 10. g4 gxf4 11. gxh5 O-O-O 12. Nge2 Rg8 13. Bf3 Re8 14. exf4 exd4
15. Qxd4 d5 16. Qxa7 Bc5 17. Qa8+ Nb8 18. cxd5 Qb6 19. Bd2 Bf2+ 20. Kd1 Be3 21.
Na4 Qb5 22. Qa5 Bxd2 23. Nb6+ Kd8 24. Qxb5 cxb5 25. Kxd2 Kc7 26. Na8+ Kd6 27.
Nd4 Ne4+ 28. Bxe4 Rxe4 29. Nf5+ Kd7 30. Rac1 Rg2+ 31. Kd3 1-0

[Event "XLV Festival A"]
[Site "Imperia ITA"]
[Date "2003.09.04"]
[Round "6"]
[White "Luciani, Carlo"]
[Black "Verrascina, Nicola"]
[WhiteElo "2233"]
[BlackElo "2102"]
[Result "1-0"]
[PlyCount "59"]
[EventDate "2003.08.31"]

1. e4 Nc6 2. Nf3 Nf6 3. e5 Nd5 4. d4 d6 5. c4 Nb6 6. exd6 cxd6 7. d5 Ne5 8. Nd4
g6 9. b3 Bg7 10. Be2 O-O 11. Bb2 a6 12. O-O Qe8 13. Nd2 e6 14. Ne4 exd5 15.
Nxd6 Qd8 16. Ba3 dxc4 17. bxc4 Qh4 18. g3 Qh3 19. Rb1 Nbd7 20. f4 Qh6 21. Kh1
Nc6 22. Nxc6 bxc6 23. Nxc8 Rfxc8 24. Qxd7 Rd8 25. Qb7 Re8 26. Bg4 g5 27. Qxf7+
Kxf7 28. fxg5+ Kg8 29. gxh6 Bxh6 30. Rb6 1-0

[Event "XLV Festival A"]
[Site "Imperia ITA"]
[Date "2003.09.04"]
[Round "6"]
[White "Machalek, Bedrich"]
[Black "Pauwels, Rudi"]
[WhiteElo "2056"]
[BlackElo "2013"]
[Result "1-0"]
[PlyCount "35"]
[EventDate "2003.08.31"]

1. e4 d5 2. e5 c5 3. c3 d4 4. Bc4 Bf5 5. Qb3 Nh6 6. d3 Qb6 7. Qxb6 axb6 8. cxd4
cxd4 9. Na3 Nc6 10. Nb5 Rc8 11. Nf3 g6 12. O-O Bg7 13. h3 Na5 14. Na7 Ra8 15.
Bb5+ Bd7 16. Bxd7+ Kxd7 17. Nb5 Nb3 18. Bxh6 1-0

[Event "XLV Festival A"]
[Site "Imperia ITA"]
[Date "2003.09.04"]
[Round "6"]
[White "Maksimenko, Andrei"]
[Black "Barlocco, Carlo"]
[WhiteElo "2512"]
[BlackElo "2150"]
[Result "1-0"]
[PlyCount "61"]
[EventDate "2003.08.31"]

1. Nf3 d5 2. c4 e6 3. d4 Be7 4. Nc3 Nf6 5. Qc2 O-O 6. Bg5 Nbd7 7. cxd5 exd5 8.
e3 Re8 9. Bd3 Nf8 10. O-O c6 11. Rab1 a5 12. a3 Ng6 13. b4 Bd6 14. Rfe1 h6 15.
Bxf6 Qxf6 16. e4 Nh4 17. Nxh4 Qxh4 18. g3 Qd8 19. e5 Bf8 20. Ne2 axb4 21. axb4
Qb6 22. b5 c5 23. Nf4 Be6 24. dxc5 Qxc5 25. Qe2 Ra3 26. Nxe6 fxe6 27. Qh5 Ra2
28. Re3 Rea8 29. Qg6 R2a3 30. Qxe6+ Kh8 31. Qg6 1-0

[Event "XLV Festival A"]
[Site "Imperia ITA"]
[Date "2003.09.04"]
[Round "6"]
[White "Mozny, Milos"]
[Black "Marzano, Carlo"]
[WhiteElo "2364"]
[BlackElo "2225"]
[Result "1-0"]
[PlyCount "81"]
[EventDate "2003.08.31"]

1. d4 Nc6 2. d5 Ne5 3. e4 e6 4. Nf3 Nxf3+ 5. Qxf3 Qf6 6. dxe6 fxe6 7. Be2 Qxf3
8. Bxf3 Bb4+ 9. c3 Bc5 10. Nd2 a5 11. e5 Bf8 12. h4 d5 13. exd6 cxd6 14. Nc4
Ra6 15. Be3 a4 16. Nb6 Kd8 17. Be2 Ra5 18. O-O-O Nf6 19. h5 Bd7 20. Nxd7 Nxd7
21. Rh4 Be7 22. Rb4 Kc7 23. Bg4 Nc5 24. Bxe6 d5 25. Bf4+ Bd6 26. Bxd6+ Kxd6 27.
Bxd5 Nd3+ 28. Rxd3 Rxd5 29. Rxd5+ Kxd5 30. Rxb7 Rf8 31. f3 Re8 32. Kd2 Rd8 33.
Rxg7 Kc4+ 34. Kc2 a3 35. Rg4+ Kc5 36. b4+ Kb5 37. Rg5+ Kb6 38. Re5 Rg8 39. g4
Rf8 40. Re6+ Kb5 41. Re5+ 1-0

[Event "XLV Festival A"]
[Site "Imperia ITA"]
[Date "2003.09.04"]
[Round "6"]
[White "Svacina, Petr"]
[Black "Carzolio, Luigi"]
[WhiteElo "2037"]
[BlackElo "2042"]
[Result "1-0"]
[PlyCount "65"]
[EventDate "2003.08.31"]

1. e4 e6 2. d4 a6 3. Be3 b5 4. c4 Bb7 5. f3 Bb4+ 6. Nc3 Ne7 7. cxb5 axb5 8.
Bxb5 O-O 9. Nge2 f5 10. O-O c5 11. dxc5 Na6 12. Qxd7 Nxc5 13. Qxd8 Rfxd8 14. a3
Nb3 15. Rad1 Bc5 16. Bxc5 Nxc5 17. exf5 Nxf5 18. Rxd8+ Rxd8 19. Rd1 Ra8 20. b4
Na6 21. Rd7 Bd5 22. Nxd5 exd5 23. Rxd5 Ne3 24. Rd3 Nf5 25. Kf2 Ne7 26. Rd6 Nc7
27. Bc4+ Kf8 28. a4 Ne8 29. Ra6 Rb8 30. b5 Nc7 31. Ra7 Ncd5 32. Bxd5 Nxd5 33.
Nd4 1-0

[Event "XLV Festival A"]
[Site "Imperia ITA"]
[Date "2003.09.04"]
[Round "6"]
[White "Trumpf, Walter"]
[Black "Spirek, Adam"]
[WhiteElo "2098"]
[BlackElo "2068"]
[Result "1-0"]
[PlyCount "53"]
[EventDate "2003.08.31"]

1. d4 Nf6 2. Nc3 d6 3. e4 c6 4. f4 Qa5 5. Bd2 e5 6. Nf3 exd4 7. Nxd4 Qb6 8. Nf3
Qxb2 9. Bc4 Be7 10. O-O Qb6+ 11. Kh1 O-O 12. Qe2 Ne8 13. e5 Bg4 14. h3 Bxf3 15.
Rxf3 Na6 16. Raf1 Nc5 17. Be3 d5 18. Na4 Qa5 19. Nxc5 Bxc5 20. Bd3 Nc7 21. f5
Bxe3 22. Qxe3 f6 23. Rg3 Kh8 24. exf6 Rxf6 25. Qe7 Ne8 26. Rxg7 Nxg7 27. Qxf6
1-0

[Event "XLV Festival A"]
[Site "Imperia ITA"]
[Date "2003.09.04"]
[Round "6"]
[White "Verrascina, Roberto"]
[Black "Gross, David"]
[WhiteElo "2226"]
[BlackElo "2451"]
[Result "1/2-1/2"]
[PlyCount "39"]
[EventDate "2003.08.31"]

1. Nf3 Nf6 2. g3 g6 3. Bg2 Bg7 4. O-O O-O 5. d3 d5 6. Nbd2 Nc6 7. e4 dxe4 8.
dxe4 e5 9. h3 a5 10. a4 b6 11. b3 Ba6 12. Re1 Re8 13. Bf1 Bxf1 14. Kxf1 Qc8 15.
Kg2 Qb7 16. c3 Rad8 17. Qc2 Nd7 18. Nc4 Nc5 19. Ba3 Ne6 20. Rad1 1/2-1/2

[Event "XLV Festival A"]
[Site "Imperia ITA"]
[Date "2003.09.05"]
[Round "7"]
[White "Barletta, Antonio"]
[Black "Fregonese, Giulio"]
[WhiteElo "2053"]
[BlackElo "2136"]
[Result "1-0"]
[PlyCount "87"]
[EventDate "2003.08.31"]

1. e4 e5 2. Nf3 Nc6 3. Bb5 f5 4. Nc3 fxe4 5. Nxe4 d5 6. Nxe5 dxe4 7. Nxc6 Qg5
8. Qe2 Nf6 9. f4 Qxf4 10. d4 Qd6 11. Ne5+ c6 12. Bc4 Be6 13. Bg5 O-O-O 14.
O-O-O Be7 15. Bxe6+ Qxe6 16. Qc4 Rd5 17. Qb3 Qf5 18. Be3 Rb5 19. Qf7 Rf8 20.
Qxe7 Nd5 21. Qa3 Nxe3 22. Qxe3 Qe6 23. b3 Ra5 24. Kb2 Qe7 25. a4 Qb4 26. c3 Qe7
27. Rhf1 Rf6 28. Qxe4 Kc7 29. Rde1 b5 30. Rxf6 Qxf6 31. axb5 Rxb5 32. Nd3 Kb6
33. Nc5 Qf2+ 34. Re2 Qf1 35. Qe8 Ka5 36. b4+ Rxb4+ 37. cxb4+ Kxb4 38. Qb8+ Kc4
39. Qb3+ Kxd4 40. Qc3+ Kd5 41. Qe5+ Kc4 42. Rc2+ Kb5 43. Qb8+ Ka5 44. Qxa7+ 1-0

[Event "XLV Festival A"]
[Site "Imperia ITA"]
[Date "2003.09.05"]
[Round "7"]
[White "Barlocco, Carlo"]
[Black "Luciani, Carlo"]
[WhiteElo "2150"]
[BlackElo "2233"]
[Result "1/2-1/2"]
[PlyCount "141"]
[EventDate "2003.08.31"]

1. d4 Nf6 2. Bg5 c5 3. Bxf6 gxf6 4. e3 e6 5. Nf3 b6 6. Bd3 Bb7 7. O-O Nc6 8. c4
f5 9. Nc3 cxd4 10. exd4 Bg7 11. d5 Ne5 12. Re1 Nxf3+ 13. Qxf3 O-O 14. Qh5 Bxc3
15. bxc3 Kh8 16. Re3 Qf6 17. Rh3 Qg6 18. Qe2 Rg8 19. Rg3 Qf6 20. Qc2 Rac8 21.
Rc1 Rc7 22. Rxg8+ Kxg8 23. Qa4 Ba8 24. Qa3 exd5 25. cxd5 Bxd5 26. c4 Qg5 27. g3
Qd2 28. Bf1 Rc5 29. Rc3 Ra5 30. Rd3 Rxa3 31. Rxd2 Be6 32. Rc2 Kf8 33. Kg2 Ke7
34. f4 Kd6 35. Kh3 f6 36. Kh4 Bf7 37. Rd2+ Kc7 38. Bd3 Bg6 39. Bb1 Rc3 40. Rd5
Rxc4 41. Bxf5 d6 42. Bxg6 hxg6 43. Rd2 b5 44. Kg4 Rc3 45. Rg2 b4 46. h4 Rc5 47.
Kf3 a5 48. g4 Kd7 49. Re2 a4 50. f5 gxf5 51. h5 fxg4+ 52. Kxg4 Rc4+ 53. Kf5 Rh4
54. Kg6 Kc6 55. h6 Kb5 56. h7 b3 57. axb3 axb3 58. Re3 Rxh7 59. Rxb3+ Kc4 60.
Rb1 Rh4 61. Kxf6 Re4 62. Rc1+ Kd5 63. Kf5 Rd4 64. Rc2 Rd3 65. Kf4 Kd4 66. Ra2
d5 67. Ra4+ Kc5 68. Ra5+ Kb4 69. Ra8 Kc4 70. Ra4+ Kb3 71. Ra8 {...} 1/2-1/2

[Event "XLV Festival A"]
[Site "Imperia ITA"]
[Date "2003.09.05"]
[Round "7"]
[White "Carzolio, Luigi"]
[Black "Riccio, Eros"]
[WhiteElo "2042"]
[BlackElo "2198"]
[Result "0-1"]
[PlyCount "48"]
[EventDate "2003.08.31"]

1. b4 d5 2. Bb2 Bf5 3. Nf3 e6 4. e3 Nf6 5. c4 Nbd7 6. cxd5 exd5 7. a3 Bd6 8.
Be2 O-O 9. O-O h6 10. d3 c6 11. Nbd2 Re8 12. Nb3 Bh7 13. Rc1 Qe7 14. Rc2 Ng4
15. Nbd4 Nge5 16. Rd2 a5 17. Nxe5 Nxe5 18. b5 Bxa3 19. Qb3 Bb4 20. Rdd1 Qd7 21.
e4 c5 22. Nf3 Nxf3+ 23. gxf3 d4 24. Qc4 Bf5 0-1

[Event "XLV Festival A"]
[Site "Imperia ITA"]
[Date "2003.09.05"]
[Round "7"]
[White "Cirabisi, Federico"]
[Black "Machalek, Bedrich"]
[WhiteElo "2109"]
[BlackElo "2056"]
[Result "0-1"]
[PlyCount "90"]
[EventDate "2003.08.31"]

1. d4 Nf6 2. e3 e6 3. Bd3 d5 4. Nd2 c5 5. c3 Nc6 6. f4 Bd7 7. Ngf3 cxd4 8. exd4
Nh5 9. g3 f5 10. O-O Nf6 11. Ne5 Nxe5 12. fxe5 Ne4 13. Bxe4 dxe4 14. a4 Bc6 15.
Nc4 Qd5 16. Ne3 Qd7 17. b4 a6 18. g4 g6 19. c4 Bh6 20. d5 exd5 21. b5 axb5 22.
cxb5 Bxb5 23. Nxd5 Bg7 24. Bb2 Bc6 25. Ne3 Qxd1 26. Raxd1 f4 27. Nc4 Bh6 28.
Nd6+ Ke7 29. Bc1 e3 30. Rd4 Rxa4 31. Rxa4 Bxa4 32. Nxb7 Bc6 33. Ba3+ Kf7 34.
Rc1 Ra8 35. Nd6+ Ke6 36. Rxc6 Rxa3 37. Nb5+ Kd5 38. Rd6+ Kxe5 39. Rd8 Ra1+ 40.
Kg2 Ra2+ 41. Kf1 f3 42. Re8+ Kf4 43. Re4+ Kxe4 44. Nc3+ Kd3 45. Nxa2 e2+ 0-1

[Event "XLV Festival A"]
[Site "Imperia ITA"]
[Date "2003.09.05"]
[Round "7"]
[White "Di Paolo, Raffaele"]
[Black "Mozny, Milos"]
[WhiteElo "2323"]
[BlackElo "2364"]
[Result "1-0"]
[PlyCount "65"]
[EventDate "2003.08.31"]

1. e4 c5 2. Nf3 d6 3. d4 cxd4 4. Nxd4 Nf6 5. Nc3 a6 6. Bc4 e6 7. Bb3 Nbd7 8.
Qf3 Nc5 9. O-O Be7 10. Re1 O-O 11. Qg3 Ne8 12. a3 Nxb3 13. cxb3 Bd7 14. Be3 Rc8
15. Rac1 Kh8 16. Red1 Bh4 17. Qh3 Bf6 18. g4 g6 19. Nf3 Bg7 20. Bh6 f5 21. Ng5
Nf6 22. gxf5 exf5 23. Rxd6 Qe7 24. Rcd1 Bxh6 25. Qxh6 Bc6 26. Re6 Qc7 27. e5
Ng4 28. Qh4 Qg7 29. h3 Nh6 30. Rf6 Ng8 31. Rxf8 Rxf8 32. Ne6 g5 33. Qb4 1-0

[Event "XLV Festival A"]
[Site "Imperia ITA"]
[Date "2003.09.05"]
[Round "7"]
[White "Dopita, Bohumil"]
[Black "Kantorik, Marian"]
[WhiteElo "2081"]
[BlackElo "2272"]
[Result "1-0"]
[PlyCount "51"]
[EventDate "2003.08.31"]

1. e4 c6 2. d4 d5 3. e5 Bf5 4. Nc3 e6 5. g4 Bg6 6. Nge2 f6 7. f4 Nd7 8. h4 Qb6
9. f5 exf5 10. e6 Ne5 11. dxe5 Bc5 12. Bg2 fxg4 13. h5 Bf5 14. Na4 Qa5+ 15. c3
Bf8 16. Nd4 Be4 17. Bxe4 dxe4 18. Nb5 Rd8 19. Nd6+ Bxd6 20. exd6 Qf5 21. d7+
Kf8 22. Qd6+ Ne7 23. Qc7 Qxe6 24. Nc5 Qe5 25. Qxe5 fxe5 26. O-O+ 1-0